Un personaje español del siglo XIX (Record no. 77828)

MARC details
000 -LEADER
campo de control de longitud fija 00563nam a2200181 i 4500
001 - NÚMERO DE CONTROL
campo de control 77828
003 - IDENTIFICADOR DE NÚMERO DE CONTROL
campo de control ES-MaACL
005 - FECHA Y HORA DE LA ÚLTIMA TRANSACCIÓN
campo de control 20230906173410.0
007 - CAMPO FIJO DE DESCRIPCIÓN FÍSICA--INFORMACIÓN GENERAL
campo de control de longitud fija t|
008 - DATOS DE LONGITUD FIJA--INFORMACIÓN GENERAL
campo de control de longitud fija 041111s1930 sp ||||1| spa d
080 ## - NÚMERO DE LA CLASIFICACIÓN DECIMAL UNIVERSAL
Número de la Clasificación Decimal Universal 623.5(02)
100 1# - ENTRADA PRINCIPAL--NOMBRE DE PERSONA
Nombre de persona Vigón, Jorge.
9 (RLIN) 114665
245 10 - MENCIÓN DEL TÍTULO
Título Un personaje español del siglo XIX
Resto del título : (el cuerpo de artillería) /
Mención de responsabilidad, etc. Jorge Vigón.
260 ## - PUBLICACIÓN, DISTRIBUCIÓN, ETC.
Lugar de publicación, distribución, etc. Madrid :
Nombre del editor, distribuidor, etc. Cia. Ibero-Americana de Publicaciones,
Fecha de publicación, distribución, etc. 1930.
300 ## - DESCRIPCIÓN FÍSICA
Extensión 237 p. ;
Dimensiones 20 cm.
650 14 - PUNTO DE ACCESO ADICIONAL DE MATERIA--TÉRMINO DE MATERIA
Término de materia o nombre geográfico como elemento de entrada Artillería-
Subdivisión geográfica España-
Subdivisión cronológica S.XIX.
9 (RLIN) 10356
852 ## - LOCALIZACIÓN
Ubicación ES-MaACL
Número de control de estantería E-10305
Sublocalización o colección R.133688
Holdings
Estatus retirado Estado de pérdida Estado de daño No para préstamo Biblioteca de origen Biblioteca actual Ubicación en estantería Fecha de adquisición Fuente de adquisición Total de préstamos Signatura topográfica completa Código de barras Visto por última vez Precio de reemplazo Tipo de ítem Koha
        Biblioteca del Ateneo de Madrid Biblioteca del Ateneo de Madrid Depósito 2 17/01/2008     E-10305 1081423 23/02/2023 23/02/2023 Libro impreso